[Event "DEM U8 2024"]
[Site "Willingen GER"]
[Date "2024.05.25"]
[Round "7"]
[White "Ranganathan, Aadith"]
[Black "Mudriievskyi, Jan"]
[Result "1-0"]
[Termination "normal"]
[Board "1"]
[WhiteElo "1666"]
[BlackElo "1672"]
[WhiteClock "00:28:27"]
[BlackClock "00:19:29"]
[PlyCount "121"]
[WhiteFideId "34667121"]
[BlackFideId "34676473"]
[EventCountry "GER"]
[EventRounds "7"]
[EventType "swiss"]
[EventDate "2024.05.21"]

1. e4 {[%clk 01:00:14]} {[%emt 00:00:16]} c5 {[%clk 01:00:24]} {[%emt
00:00:08]} 2. Nc3 {[%clk 01:00:18]} {[%emt 00:00:09]} a6 {[%clk 01:00:32]}
{[%emt 00:00:07]} 3. a4 {[%clk 01:00:13]} {[%emt 00:00:21]} d6 {[%clk
01:00:39]} {[%emt 00:00:08]} 4. g3 {[%clk 01:00:12]} {[%emt 00:00:16]} Nf6
{[%clk 01:00:44]} {[%emt 00:00:10]} 5. Bg2 {[%clk 01:00:15]} {[%emt 00:00:12]}
g6 {[%clk 01:00:48]} {[%emt 00:00:11]} 6. Nge2 {[%clk 01:00:24]} {[%emt
00:00:07]} Bg7 {[%clk 01:00:55]} {[%emt 00:00:08]} 7. O-O {[%clk 01:00:22]}
{[%emt 00:00:17]} O-O {[%clk 01:01:03]} {[%emt 00:00:06]} 8. d3 {[%clk
01:00:31]} {[%emt 00:00:07]} Nc6 {[%clk 01:01:07]} {[%emt 00:00:10]} 9. f4
{[%clk 01:00:30]} {[%emt 00:00:17]} Bd7 {[%clk 01:01:02]} {[%emt 00:00:19]} 10.
h3 {[%clk 01:00:30]} {[%emt 00:00:16]} Rc8 {[%clk 01:00:53]} {[%emt 00:00:23]}
11. g4 {[%clk 01:00:30]} {[%emt 00:00:14]} Nxg4 {[%clk 00:59:53]} {[%emt
00:01:15]} 12. hxg4 {[%clk 00:58:40]} {[%emt 00:02:05]} Bxg4 {[%clk 00:59:58]}
{[%emt 00:00:09]} 13. Be3 {[%clk 00:58:40]} {[%emt 00:00:14]} Nd4 {[%clk
00:59:45]} {[%emt 00:00:29]} 14. Qd2 {[%clk 00:56:46]} {[%emt 00:02:02]} Qa5
{[%clk 00:57:36]} {[%emt 00:02:32]} 15. Rad1 {[%clk 00:53:51]} {[%emt
00:03:05]} Nxe2+ {[%clk 00:56:33]} {[%emt 00:01:22]} 16. Nxe2 {[%clk 00:53:52]}
{[%emt 00:00:14]} Qxa4 {[%clk 00:56:37]} {[%emt 00:00:10]} 17. b3 {[%clk
00:52:27]} {[%emt 00:01:41]} Qd7 {[%clk 00:56:16]} {[%emt 00:00:37]} 18. Rf2
{[%clk 00:51:22]} {[%emt 00:01:18]} e6 {[%clk 00:55:43]} {[%emt 00:00:50]} 19.
Bf3 {[%clk 00:49:28]} {[%emt 00:02:09]} Bxf3 {[%clk 00:54:54]} {[%emt
00:01:04]} 20. Rxf3 {[%clk 00:49:05]} {[%emt 00:00:38]} Qc6 {[%clk 00:54:10]}
{[%emt 00:01:00]} 21. Kf2 {[%clk 00:48:09]} {[%emt 00:01:09]} d5 {[%clk
00:53:56]} {[%emt 00:00:31]} 22. exd5 {[%clk 00:47:21]} {[%emt 00:01:02]} exd5
{[%clk 00:54:00]} {[%emt 00:00:11]} 23. c3 {[%clk 00:47:10]} {[%emt 00:00:26]}
Rfe8 {[%clk 00:53:35]} {[%emt 00:00:40]} 24. d4 {[%clk 00:46:13]} {[%emt
00:01:12]} c4 {[%clk 00:50:35]} {[%emt 00:03:14]} 25. b4 {[%clk 00:46:13]}
{[%emt 00:00:15]} Re7 {[%clk 00:49:47]} {[%emt 00:01:04]} 26. Ng3 {[%clk
00:45:26]} {[%emt 00:01:01]} f5 {[%clk 00:49:02]} {[%emt 00:01:00]} 27. Rh1
{[%clk 00:44:51]} {[%emt 00:00:49]} Ra8 {[%clk 00:46:16]} {[%emt 00:03:03]} 28.
Ra1 {[%clk 00:44:19]} {[%emt 00:00:46]} b6 {[%clk 00:45:54]} {[%emt 00:00:38]}
29. Kg2 {[%clk 00:43:41]} {[%emt 00:00:51]} a5 {[%clk 00:44:32]} {[%emt
00:01:38]} 30. bxa5 {[%clk 00:43:43]} {[%emt 00:00:14]} bxa5 {[%clk 00:44:00]}
{[%emt 00:00:47]} 31. Rff1 {[%clk 00:43:38]} {[%emt 00:00:19]} a4 {[%clk
00:43:44]} {[%emt 00:00:30]} 32. Ra2 {[%clk 00:42:48]} {[%emt 00:01:06]} Rea7
{[%clk 00:43:24]} {[%emt 00:00:35]} 33. Rfa1 {[%clk 00:42:48]} {[%emt
00:00:14]} a3 {[%clk 00:42:16]} {[%emt 00:01:23]} 34. Nf1 {[%clk 00:41:03]}
{[%emt 00:02:00]} Bf8 {[%clk 00:42:02]} {[%emt 00:00:29]} 35. Nh2 {[%clk
00:40:57]} {[%emt 00:00:20]} Rb8 {[%clk 00:41:15]} {[%emt 00:01:04]} 36. Nf3
{[%clk 00:40:02]} {[%emt 00:01:09]} Rb2 {[%clk 00:40:03]} {[%emt 00:01:28]} 37.
Rxb2 {[%clk 00:39:57]} {[%emt 00:00:19]} axb2 {[%clk 00:40:01]} {[%emt
00:00:18]} 38. Qxb2 {[%clk 00:40:05]} {[%emt 00:00:06]} Re7 {[%clk 00:40:09]}
{[%emt 00:00:07]} 39. Ne5 {[%clk 00:40:13]} {[%emt 00:00:07]} Rb7 {[%clk
00:39:05]} {[%emt 00:01:20]} 40. Qf2 {[%clk 00:38:10]} {[%emt 00:02:17]} Qc8
{[%emt 00:01:56]} 41. Qe2 {[%clk 00:37:35]} Qb8 {[%clk 00:36:26]} {[%emt
00:02:03]} 42. Ra2 {[%clk 00:37:37]} {[%emt 00:00:13]} Bg7 {[%clk 00:33:48]}
{[%emt 00:02:53]} 43. Qf3 {[%clk 00:37:16]} {[%emt 00:00:36]} Qd8 {[%clk
00:32:43]} {[%emt 00:01:20]} 44. Re2 {[%clk 00:35:49]} {[%emt 00:01:35]} Kh8
{[%clk 00:29:49]} {[%emt 00:03:16]} 45. Nxc4 {[%clk 00:35:15]} {[%emt
00:00:50]} Rb3 {[%clk 00:29:27]} {[%emt 00:00:35]} 46. Ne5 {[%clk 00:35:07]}
{[%emt 00:00:24]} Bxe5 {[%clk 00:29:21]} {[%emt 00:00:22]} 47. dxe5 {[%clk
00:35:02]} {[%emt 00:00:21]} Rxc3 {[%clk 00:29:11]} {[%emt 00:00:25]} 48. Rd2
{[%clk 00:34:37]} {[%emt 00:00:36]} Qa8 {[%clk 00:28:16]} {[%emt 00:01:13]} 49.
Kf2 {[%clk 00:33:55]} {[%emt 00:00:56]} Qa3 {[%clk 00:24:29]} {[%emt 00:04:03]}
50. Qxd5 {[%clk 00:31:45]} {[%emt 00:02:25]} Qf8 {[%clk 00:23:17]} {[%emt
00:01:28]} 51. Bd4 {[%clk 00:31:32]} {[%emt 00:00:27]} Rc7 {[%clk 00:22:02]}
{[%emt 00:01:31]} 52. e6+ {[%clk 00:31:35]} {[%emt 00:00:12]} Rg7 {[%clk
00:22:03]} {[%emt 00:00:12]} 53. Bxg7+ {[%clk 00:31:28]} {[%emt 00:00:23]} Kxg7
{[%clk 00:21:50]} {[%emt 00:00:28]} 54. Qe5+ {[%clk 00:31:34]} {[%emt
00:00:09]} Kh6 {[%clk 00:21:48]} {[%emt 00:00:18]} 55. Kg3 {[%clk 00:31:38]}
{[%emt 00:00:10]} Qa3+ {[%clk 00:21:32]} {[%emt 00:00:32]} 56. Kf2 {[%clk
00:31:37]} {[%emt 00:00:08]} Qh3 {[%clk 00:21:29]} {[%emt 00:00:26]} 57. Ke2
{[%clk 00:29:45]} {[%emt 00:02:03]} Qg2+ {[%clk 00:19:59]} {[%emt 00:01:48]}
58. Kd3 {[%clk 00:28:43]} {[%emt 00:01:08]} Qf3+ {[%clk 00:20:00]} {[%emt
00:00:22]} 59. Kd4 {[%clk 00:28:40]} {[%emt 00:00:16]} Qb3 {[%clk 00:19:42]}
{[%emt 00:00:36]} 60. Rh2+ {[%clk 00:28:43]} {[%emt 00:00:11]} Qh3 {[%clk
00:19:29]} {[%emt 00:00:28]} 61. Rxh3# {[%clk 00:28:27]} {[%emt 00:00:06]} 1-0

[Event "DEM U8 2024"]
[Site "Willingen GER"]
[Date "2024.05.25"]
[Round "7"]
[White "Siegel, Vitus"]
[Black "Besou, Jad"]
[Result "0-1"]
[Termination "normal"]
[Board "2"]
[WhiteElo "1345"]
[BlackElo "1679"]
[WhiteClock "00:35:41"]
[BlackClock "00:43:09"]
[PlyCount "118"]
[WhiteFideId "34694102"]
[BlackFideId "34631348"]
[EventCountry "GER"]
[EventRounds "7"]
[EventType "swiss"]
[EventDate "2024.05.21"]

1. e4 {[%clk 01:00:26]} {[%emt 00:00:04]} e5 {[%clk 01:00:25]} {[%emt
00:00:05]} 2. Nf3 {[%clk 01:00:28]} {[%emt 00:00:12]} Nc6 {[%clk 01:00:34]}
{[%emt 00:00:06]} 3. Bc4 {[%clk 01:00:28]} {[%emt 00:00:15]} Bc5 {[%clk
01:00:41]} {[%emt 00:00:09]} 4. c3 {[%clk 01:00:31]} {[%emt 00:00:12]} Nf6
{[%clk 01:00:44]} {[%emt 00:00:11]} 5. d4 {[%clk 01:00:26]} {[%emt 00:00:21]}
exd4 {[%clk 01:00:42]} {[%emt 00:00:17]} 6. e5 {[%clk 01:00:26]} {[%emt
00:00:16]} d5 {[%clk 01:00:39]} {[%emt 00:00:18]} 7. Bb5 {[%clk 01:00:24]}
{[%emt 00:00:16]} Ne4 {[%clk 00:59:57]} {[%emt 00:00:57]} 8. cxd4 {[%clk
01:00:23]} {[%emt 00:00:16]} Bb6 {[%clk 00:55:18]} {[%emt 00:04:54]} 9. O-O
{[%clk 00:59:59]} {[%emt 00:00:39]} O-O {[%clk 00:55:03]} {[%emt 00:00:30]} 10.
Qc2 {[%clk 00:59:08]} {[%emt 00:01:06]} Nxd4 {[%clk 00:54:46]} {[%emt
00:00:32]} 11. Nxd4 {[%clk 00:58:58]} {[%emt 00:00:23]} Bxd4 {[%clk 00:54:11]}
{[%emt 00:00:51]} 12. Bd3 {[%clk 00:57:46]} {[%emt 00:01:28]} Bxe5 {[%clk
00:53:27]} {[%emt 00:00:59]} 13. Bxe4 {[%clk 00:57:21]} {[%emt 00:00:41]} dxe4
{[%clk 00:53:35]} {[%emt 00:00:06]} 14. Qxe4 {[%clk 00:57:14]} {[%emt
00:00:21]} Qf6 {[%clk 00:53:39]} {[%emt 00:00:12]} 15. Qc2 {[%clk 00:56:54]}
{[%emt 00:00:34]} Bf5 {[%clk 00:53:48]} {[%emt 00:00:08]} 16. Qe2 {[%clk
00:56:41]} {[%emt 00:00:27]} Rfe8 {[%clk 00:53:27]} {[%emt 00:00:37]} 17. Qb5
{[%clk 00:56:21]} {[%emt 00:00:34]} Rad8 {[%clk 00:52:55]} {[%emt 00:00:48]}
18. Qb3 {[%clk 00:54:34]} {[%emt 00:02:01]} Rd3 {[%clk 00:51:59]} {[%emt
00:01:11]} 19. Qa4 {[%clk 00:54:07]} {[%emt 00:00:43]} Red8 {[%clk 00:51:59]}
{[%emt 00:00:15]} 20. Qb5 {[%clk 00:52:01]} {[%emt 00:02:21]} Rd1 {[%clk
00:51:10]} {[%emt 00:01:03]} 21. Nd2 {[%clk 00:50:36]} {[%emt 00:01:39]} Bd3
{[%clk 00:50:11]} {[%emt 00:01:16]} 22. Qb3 {[%clk 00:50:24]} {[%emt 00:00:26]}
Rxf1+ {[%clk 00:49:55]} {[%emt 00:00:30]} 23. Nxf1 {[%clk 00:50:14]} {[%emt
00:00:24]} Bxf1 {[%clk 00:49:49]} {[%emt 00:00:22]} 24. Kxf1 {[%clk 00:49:56]}
{[%emt 00:00:32]} Bxh2 {[%clk 00:49:41]} {[%emt 00:00:25]} 25. Be3 {[%clk
00:48:42]} {[%emt 00:01:28]} Qa6+ {[%clk 00:49:33]} {[%emt 00:00:22]} 26. Ke1
{[%clk 00:48:27]} {[%emt 00:00:29]} Be5 {[%clk 00:46:21]} {[%emt 00:03:30]} 27.
Rd1 {[%clk 00:47:53]} {[%emt 00:00:49]} Bd6 {[%clk 00:44:50]} {[%emt 00:01:46]}
28. Bd4 {[%clk 00:46:04]} {[%emt 00:02:02]} b6 {[%clk 00:42:13]} {[%emt
00:02:54]} 29. Qc3 {[%clk 00:45:18]} {[%emt 00:01:01]} Qxa2 {[%clk 00:41:02]}
{[%emt 00:01:26]} 30. Bxg7 {[%clk 00:44:13]} {[%emt 00:01:19]} Re8+ {[%clk
00:41:03]} {[%emt 00:00:15]} 31. Kf1 {[%clk 00:43:00]} {[%emt 00:01:01]} Qe6
{[%clk 00:40:37]} {[%emt 00:01:07]} 32. Kg1 {[%clk 00:42:00]} {[%emt 00:01:14]}
Qe2 {[%clk 00:40:32]} {[%emt 00:00:21]} 33. Rb1 {[%clk 00:40:10]} {[%emt
00:02:05]} Qh5 {[%clk 00:39:59]} {[%emt 00:00:48]} 34. Qh3 {[%clk 00:39:03]}
{[%emt 00:01:20]} Qxh3 {[%clk 00:40:06]} {[%emt 00:00:10]} 35. gxh3 {[%emt
00:00:26]} Kxg7 {[%emt 00:00:07]} 36. Kg2 {[%clk 00:38:33]} {[%emt 00:00:13]}
Kf6 {[%clk 00:40:15]} {[%emt 00:00:06]} 37. Kf3 {[%clk 00:38:29]} {[%emt
00:00:19]} Kf5 {[%clk 00:40:24]} {[%emt 00:00:08]} 38. Rd1 {[%clk 00:38:16]}
{[%emt 00:00:28]} Re4 {[%clk 00:40:06]} {[%emt 00:00:33]} 39. Rd5+ {[%clk
00:38:06]} {[%emt 00:00:24]} Re5 {[%clk 00:40:17]} {[%emt 00:00:04]} 40. Rd4
{[%clk 00:37:59]} {[%emt 00:00:22]} Rb5 {[%clk 00:40:22]} {[%emt 00:00:11]} 41.
Rd2 {[%clk 00:37:34]} {[%emt 00:00:36]} Rb3+ {[%clk 00:40:31]} {[%emt
00:00:09]} 42. Kg2 {[%clk 00:37:15]} {[%emt 00:00:31]} Be5 {[%clk 00:40:42]}
{[%emt 00:00:07]} 43. Rc2 {[%clk 00:37:06]} {[%emt 00:00:24]} c5 {[%clk
00:40:51]} {[%emt 00:00:06]} 44. f3 {[%clk 00:37:03]} {[%emt 00:00:18]} Rxb2
{[%clk 00:40:58]} {[%emt 00:00:09]} 45. Rxb2 {[%clk 00:36:48]} {[%emt
00:00:28]} Bxb2 {[%clk 00:41:07]} {[%emt 00:00:07]} 46. Kf2 {[%clk 00:36:50]}
{[%emt 00:00:12]} c4 {[%clk 00:41:17]} {[%emt 00:00:06]} 47. Ke2 {[%clk
00:36:56]} {[%emt 00:00:08]} c3 {[%clk 00:41:28]} {[%emt 00:00:07]} 48. Kd1
{[%clk 00:36:27]} {[%emt 00:00:42]} a5 {[%clk 00:41:37]} {[%emt 00:00:06]} 49.
Kc2 {[%clk 00:36:30]} {[%emt 00:00:11]} a4 {[%clk 00:41:49]} {[%emt 00:00:05]}
50. h4 {[%clk 00:36:27]} {[%emt 00:00:17]} b5 {[%clk 00:41:53]} {[%emt
00:00:13]} 51. h5 {[%clk 00:36:32]} {[%emt 00:00:09]} b4 {[%clk 00:42:02]}
{[%emt 00:00:06]} 52. f4 {[%clk 00:36:35]} {[%emt 00:00:12]} b3+ {[%clk
00:42:08]} {[%emt 00:00:09]} 53. Kb1 {[%clk 00:36:37]} {[%emt 00:00:11]} c2+
{[%clk 00:42:19]} {[%emt 00:00:06]} 54. Kxb2 {[%clk 00:36:40]} {[%emt
00:00:11]} a3+ {[%clk 00:42:30]} 55. Kc1 {[%clk 00:36:31]} {[%emt 00:00:29]} a2
{[%clk 00:42:41]} {[%emt 00:00:05]} 56. Kb2 {[%clk 00:36:29]} {[%emt 00:00:15]}
a1=Q+ {[%clk 00:42:48]} {[%emt 00:00:09]} 57. Kxb3 {[%clk 00:36:14]} {[%emt
00:00:29]} c1=Q {[%clk 00:42:52]} {[%emt 00:00:11]} 58. Kb4 {[%clk 00:35:59]}
{[%emt 00:00:30]} Qab2+ {[%clk 00:43:01]} {[%emt 00:00:06]} 59. Ka5 {[%clk
00:35:41]} {[%emt 00:00:32]} Qca1# {[%clk 00:43:09]} {[%emt 00:00:06]} 0-1

[Event "DEM U8 2024"]
[Site "Willingen GER"]
[Date "2024.05.25"]
[Round "7"]
[White "von Gehlen, Elian"]
[Black "Liu, Peilin"]
[Result "0-1"]
[Termination "normal"]
[Board "3"]
[WhiteElo "1494"]
[BlackElo "1605"]
[WhiteClock "00:54:07"]
[BlackClock "00:46:27"]
[PlyCount "34"]
[WhiteFideId "34651560"]
[BlackFideId "8643792"]
[EventCountry "GER"]
[EventRounds "7"]
[EventType "swiss"]
[EventDate "2024.05.21"]

1. e4 {[%clk 01:00:29]} e5 {[%clk 01:00:11]} {[%emt 00:00:21]} 2. Nc3 {[%clk
01:00:33]} {[%emt 00:00:09]} Nf6 {[%clk 01:00:08]} {[%emt 00:00:18]} 3. f4
{[%clk 01:00:36]} {[%emt 00:00:11]} d6 {[%clk 00:59:51]} {[%emt 00:00:34]} 4.
Nf3 {[%clk 01:00:35]} {[%emt 00:00:16]} Nc6 {[%clk 00:59:46]} {[%emt 00:00:17]}
5. Bb5 {[%clk 01:00:31]} {[%emt 00:00:21]} Bg4 {[%clk 00:58:52]} {[%emt
00:01:10]} 6. d3 {[%clk 01:00:05]} {[%emt 00:00:38]} Be7 {[%clk 00:57:50]}
{[%emt 00:01:19]} 7. h3 {[%clk 00:59:05]} {[%emt 00:01:16]} Bxf3 {[%emt
00:00:54]} 8. Qxf3 {[%emt 00:00:16]} Qd7 {[%clk 00:56:15]} {[%emt 00:00:31]} 9.
O-O {[%clk 00:58:45]} {[%emt 00:00:42]} O-O {[%clk 00:55:01]} {[%emt 00:01:28]}
10. f5 {[%clk 00:56:54]} {[%emt 00:02:06]} a6 {[%clk 00:54:30]} {[%emt
00:00:48]} 11. Ba4 {[%clk 00:56:19]} {[%emt 00:00:49]} Rad8 {[%clk 00:52:14]}
{[%emt 00:02:31]} 12. Qg3 {[%clk 00:56:00]} {[%emt 00:00:33]} Kh8 {[%clk
00:49:20]} {[%emt 00:03:05]} 13. Nd5 {[%clk 00:55:47]} {[%emt 00:00:32]} b5
{[%clk 00:48:30]} {[%emt 00:01:06]} 14. Bb3 {[%clk 00:54:49]} {[%emt 00:01:12]}
Nd4 {[%clk 00:47:50]} {[%emt 00:00:49]} 15. Bg5 {[%clk 00:54:03]} {[%emt
00:01:07]} Ne2+ {[%clk 00:47:29]} {[%emt 00:00:37]} 16. Kh2 {[%clk 00:54:01]}
{[%emt 00:00:17]} Nxg3 {[%clk 00:47:18]} {[%emt 00:00:24]} 17. Kxg3 {[%clk
00:54:07]} {[%emt 00:00:09]} Nxd5 {[%clk 00:46:27]} {[%emt 00:01:07]} 0-1

[Event "DEM U8 2024"]
[Site "Willingen GER"]
[Date "2024.05.25"]
[Round "7"]
[White "White, William"]
[Black "Reese, Oscar"]
[Result "0-1"]
[Termination "normal"]
[Board "4"]
[WhiteElo "1330"]
[BlackElo "1650"]
[WhiteClock "00:01:30"]
[BlackClock "00:30:44"]
[PlyCount "68"]
[WhiteFideId "34669469"]
[BlackFideId "34644474"]
[EventCountry "GER"]
[EventRounds "7"]
[EventType "swiss"]
[EventDate "2024.05.21"]

1. e4 {[%clk 01:00:28]} {[%emt 00:00:02]} c5 {[%clk 01:00:24]} {[%emt
00:00:07]} 2. Nf3 {[%clk 01:00:26]} {[%emt 00:00:16]} d6 {[%clk 01:00:31]}
{[%emt 00:00:08]} 3. d4 {[%clk 01:00:19]} {[%emt 00:00:22]} cxd4 {[%clk
01:00:39]} {[%emt 00:00:07]} 4. Nxd4 {[%clk 01:00:07]} {[%emt 00:00:28]} Nf6
{[%clk 01:00:43]} {[%emt 00:00:12]} 5. Nc3 {[%clk 00:59:50]} {[%emt 00:00:32]}
a6 {[%clk 01:00:51]} {[%emt 00:00:06]} 6. Be2 {[%clk 00:58:18]} {[%emt
00:01:46]} e5 {[%clk 01:00:33]} {[%emt 00:00:32]} 7. Nb3 {[%clk 00:57:21]}
{[%emt 00:01:14]} Be6 {[%clk 00:58:27]} {[%emt 00:02:20]} 8. Bg5 {[%clk
00:54:30]} {[%emt 00:03:07]} Nbd7 {[%clk 00:56:30]} {[%emt 00:02:13]} 9. Qd2
{[%clk 00:51:55]} {[%emt 00:02:50]} b5 {[%clk 00:54:29]} {[%emt 00:02:16]} 10.
O-O {[%clk 00:48:11]} {[%emt 00:03:58]} Rc8 {[%clk 00:52:36]} {[%emt 00:02:08]}
11. a3 {[%clk 00:45:58]} {[%emt 00:02:29]} Be7 {[%clk 00:50:10]} {[%emt
00:02:41]} 12. Bf3 {[%clk 00:43:11]} {[%emt 00:03:01]} Nb6 {[%clk 00:47:54]}
{[%emt 00:02:31]} 13. Rad1 {[%clk 00:39:13]} {[%emt 00:04:14]} Nc4 {[%clk
00:46:43]} {[%emt 00:01:26]} 14. Qc1 {[%clk 00:37:58]} {[%emt 00:01:29]} Nxa3
{[%clk 00:41:46]} {[%emt 00:05:13]} 15. Qa1 {[%clk 00:27:29]} {[%emt 00:10:44]}
b4 {[%clk 00:39:30]} {[%emt 00:02:31]} 16. bxa3 {[%clk 00:26:08]} {[%emt
00:01:35]} bxc3 {[%clk 00:39:00]} {[%emt 00:00:46]} 17. Rd3 {[%clk 00:22:22]}
{[%emt 00:04:01]} Bc4 {[%clk 00:37:03]} {[%emt 00:02:12]} 18. Rxc3 {[%clk
00:20:51]} {[%emt 00:01:46]} Bxf1 {[%clk 00:37:01]} {[%emt 00:00:17]} 19. Kxf1
{[%clk 00:18:40]} {[%emt 00:02:25]} O-O {[%clk 00:36:28]} {[%emt 00:00:49]} 20.
Qe1 {[%clk 00:11:06]} {[%emt 00:07:51]} Qd7 {[%clk 00:34:33]} {[%emt 00:02:08]}
21. Bd2 {[%clk 00:07:28]} {[%emt 00:03:53]} Rxc3 {[%clk 00:34:27]} {[%emt
00:00:21]} 22. Bxc3 {[%clk 00:07:33]} {[%emt 00:00:09]} Rc8 {[%clk 00:34:12]}
{[%emt 00:00:27]} 23. Bb2 {[%clk 00:06:50]} {[%emt 00:01:02]} Rxc2 {[%clk
00:33:53]} {[%emt 00:00:34]} 24. Ba1 {[%clk 00:03:14]} {[%emt 00:03:51]} Qb5+
{[%clk 00:33:49]} {[%emt 00:00:19]} 25. Kg1 {[%clk 00:02:43]} {[%emt 00:00:45]}
Qxb3 {[%clk 00:33:32]} {[%emt 00:00:32]} 26. h3 {[%clk 00:02:12]} {[%emt
00:00:47]} Qxa3 {[%clk 00:33:04]} {[%emt 00:00:42]} 27. Kh2 {[%clk 00:02:02]}
{[%emt 00:00:24]} Rc1 {[%clk 00:32:45]} {[%emt 00:00:35]} 28. Qd2 {[%clk
00:01:48]} {[%emt 00:00:28]} Qxa1 {[%clk 00:32:42]} {[%emt 00:00:19]} 29. Qb4
{[%clk 00:01:55]} {[%emt 00:00:08]} Rh1+ {[%clk 00:31:18]} {[%emt 00:01:38]}
30. Kg3 {[%clk 00:02:08]} {[%emt 00:00:02]} Qc1 {[%clk 00:31:02]} {[%emt
00:00:31]} 31. Qb8+ {[%clk 00:01:24]} {[%emt 00:01:00]} Bf8 {[%clk 00:30:38]}
{[%emt 00:00:38]} 32. Qxf8+ {[%clk 00:01:24]} {[%emt 00:00:15]} Kxf8 {[%clk
00:30:42]} {[%emt 00:00:12]} 33. Kh4 {[%clk 00:01:27]} {[%emt 00:00:11]} Qf4+
{[%clk 00:30:44]} {[%emt 00:00:13]} 34. g4 {[%clk 00:01:30]} {[%emt 00:00:11]}
g5# {[%emt 00:01:47]} 0-1

[Event "DEM U8 2024"]
[Site "Willingen GER"]
[Date "2024.05.25"]
[Round "7"]
[White "Gavrylchenko, Illia"]
[Black "Wachtel, Edwin"]
[Result "0-1"]
[Termination "normal"]
[Board "5"]
[WhiteElo "1418"]
[BlackElo "1217"]
[WhiteClock "00:10:19"]
[BlackClock "00:52:18"]
[PlyCount "74"]
[WhiteFideId "34682007"]
[EventCountry "GER"]
[EventRounds "7"]
[EventType "swiss"]
[EventDate "2024.05.21"]

1. e4 {[%clk 01:00:27]} {[%emt 00:00:02]} e6 {[%clk 01:00:26]} {[%emt
00:00:04]} 2. Nf3 {[%clk 01:00:37]} {[%emt 00:00:05]} d5 {[%clk 01:00:36]}
{[%emt 00:00:05]} 3. exd5 {[%clk 01:00:35]} {[%emt 00:00:17]} exd5 {[%clk
01:00:45]} {[%emt 00:00:07]} 4. d4 {[%clk 01:00:33]} {[%emt 00:00:17]} Bd6
{[%clk 01:00:53]} {[%emt 00:00:06]} 5. c4 {[%clk 01:00:04]} {[%emt 00:00:44]}
c6 {[%clk 01:00:56]} {[%emt 00:00:13]} 6. h3 {[%clk 00:58:02]} {[%emt
00:02:17]} Ne7 {[%clk 01:00:53]} {[%emt 00:00:18]} 7. Bd3 {[%clk 00:56:34]}
{[%emt 00:01:43]} Bc7 {[%clk 01:00:51]} {[%emt 00:00:16]} 8. O-O {[%clk
00:54:16]} {[%emt 00:02:34]} O-O {[%clk 01:00:56]} {[%emt 00:00:10]} 9. Qc2
{[%clk 00:53:41]} {[%emt 00:00:48]} h6 {[%clk 01:00:10]} {[%emt 00:01:04]} 10.
Nc3 {[%clk 00:52:03]} {[%emt 00:01:51]} Be6 {[%clk 01:00:03]} {[%emt 00:00:24]}
11. Be3 {[%clk 00:47:03]} {[%emt 00:05:13]} Nd7 {[%clk 00:59:15]} {[%emt
00:01:04]} 12. Rfe1 {[%clk 00:38:12]} {[%emt 00:09:04]} Nf6 {[%clk 00:58:55]}
{[%emt 00:00:38]} 13. Re2 {[%clk 00:36:27]} {[%emt 00:01:57]} dxc4 {[%clk
00:57:30]} {[%emt 00:01:44]} 14. Rd1 {[%clk 00:27:59]} {[%emt 00:08:41]} cxd3
{[%clk 00:57:22]} {[%emt 00:00:23]} 15. Qxd3 {[%clk 00:27:58]} {[%emt
00:00:16]} Qd7 {[%clk 00:56:11]} {[%emt 00:01:27]} 16. Ne5 {[%clk 00:25:55]}
{[%emt 00:02:18]} Bxe5 {[%clk 00:55:53]} {[%emt 00:00:34]} 17. dxe5 {[%clk
00:25:50]} {[%emt 00:00:18]} Qxd3 {[%clk 00:56:01]} {[%emt 00:00:08]} 18. Rxd3
{[%clk 00:25:45]} {[%emt 00:00:20]} Nfd5 {[%clk 00:56:11]} {[%emt 00:00:06]}
19. Nxd5 {[%clk 00:24:11]} {[%emt 00:01:49]} Nxd5 {[%clk 00:56:17]} {[%emt
00:00:10]} 20. Bd2 {[%clk 00:23:33]} {[%emt 00:00:29]} Rad8 {[%clk 00:54:33]}
{[%emt 00:02:21]} 21. Rg3 {[%clk 00:22:39]} {[%emt 00:01:07]} Kh7 {[%clk
00:54:32]} {[%emt 00:00:18]} 22. Re4 {[%clk 00:21:28]} {[%emt 00:01:26]} Bf5
{[%clk 00:54:10]} {[%emt 00:00:38]} 23. Rh4 {[%clk 00:20:38]} {[%emt 00:01:04]}
Bg6 {[%clk 00:53:47]} {[%emt 00:00:37]} 24. Bg5 {[%clk 00:19:17]} {[%emt
00:01:33]} Rd7 {[%clk 00:53:48]} {[%emt 00:00:19]} 25. Bc1 {[%clk 00:15:56]}
{[%emt 00:03:32]} Ne7 {[%clk 00:53:52]} {[%emt 00:00:14]} 26. Rb4 {[%clk
00:13:06]} {[%emt 00:03:04]} Rd1+ {[%clk 00:53:37]} {[%emt 00:00:31]} 27. Kh2
{[%clk 00:13:12]} {[%emt 00:00:09]} Rxc1 {[%clk 00:53:49]} {[%emt 00:00:04]}
28. Rxb7 {[%clk 00:13:09]} {[%emt 00:00:17]} Nf5 {[%clk 00:53:59]} {[%emt
00:00:06]} 29. Rd3 {[%clk 00:12:42]} {[%emt 00:00:40]} Re8 {[%clk 00:53:54]}
{[%emt 00:00:22]} 30. Rxa7 {[%clk 00:11:58]} {[%emt 00:00:59]} Rxe5 {[%clk
00:54:01]} {[%emt 00:00:08]} 31. Rd8 {[%clk 00:11:35]} {[%emt 00:00:38]} Ree1
{[%clk 00:54:03]} {[%emt 00:00:14]} 32. g3 {[%clk 00:11:14]} {[%emt 00:00:35]}
Ne3 {[%clk 00:53:53]} {[%emt 00:00:27]} 33. g4 {[%clk 00:10:14]} {[%emt
00:01:13]} Nf1+ {[%clk 00:52:43]} {[%emt 00:01:25]} 34. Kg2 {[%clk 00:10:18]}
{[%emt 00:00:11]} Be4+ {[%clk 00:52:37]} {[%emt 00:00:20]} 35. f3 {[%clk
00:10:17]} {[%emt 00:00:16]} Re2+ {[%clk 00:52:28]} {[%emt 00:00:24]} 36. Kg1
{[%clk 00:10:17]} {[%emt 00:00:14]} Ng3+ {[%clk 00:52:17]} {[%emt 00:00:29]}
37. Rd1 {[%clk 00:10:19]} {[%emt 00:00:11]} Rxd1# {[%clk 00:52:18]} {[%emt
00:00:15]} 0-1